La razón espectral H/V obtenida a partir de vibraciones ambientales y su correlación con la estatigrafía del subsuelo
Enregistré dans:
| Auteur principal: | |
|---|---|
| Format: | Livre |
| Langue: | Spanish |
| Publié: |
San José, [Costa Rica]
2017
|
| Sujets: | |
| Tags: |
Ajouter un tag
Pas de tags, Soyez le premier à ajouter un tag!
|
MARC
| LEADER | 00000nam a22000007a 4500 | ||
|---|---|---|---|
| 003 | 012585 | ||
| 005 | 20221231144207.0 | ||
| 008 | 170502b2017 cr a|||| m||| 00| ||spa d | ||
| 040 | |c cru CEDI | ||
| 090 | |a TFG 7736 | ||
| 100 | |9 8118 |a Fonseca Hidalgo, Juan Carlos | ||
| 245 | |a La razón espectral H/V obtenida a partir de vibraciones ambientales y su correlación con la estatigrafía del subsuelo | ||
| 260 | |a San José, [Costa Rica] |c 2017 | ||
| 300 | |a x,87[5]; ilustraciones a color | ||
| 500 | |a Proyecto de graduación (licenciatura en ingeniería civil)--Universidad de Costa Rica. Facultad de Ingeniería. Escuela de Ingeniería Civil | ||
| 650 | |x SISMOLOGIA |x ANALISIS DE SUELOS |x ANALISIS ESPECTRAL |x ACELEROGRAFOS |x INGENIERÍA SÍSMICA |x VIBRACION (INGENIERIA) |x ESTRATIGRAFIA |9 8119 | ||
| 942 | |c TFG | ||
| 999 | |c 18259 |d 18259 | ||
